000 00585nam a2200217Ia 4500
008 180523s9999 xx 000 0 und d
020 _a981-4119-60-1
050 _aMAIN QA 184.2
050 _b.K65 2002 c.2
100 _aKolman, Bernard.
245 0 _aIntroductory linear algebra with applications /
245 0 _cBernanrd Kolman, David R. Hill.
250 _a7th Edition
260 _aSingapore :
260 _bPearson Education South Asia,
260 _c2001
300 _a577 pages :
300 _c25 cm.
500 _aIncludes index.
650 _aAlgebras, Linear.
999 _c357442
_d357442